000 00885nas a2200313 4500
001 BR2012006345
003 BR-BrBNA
005 20231205121052.0
007 ta
008 230509b bl.|||p| |||| 00| 00por d
040 _aBR-BrBNA
_bpor
_cBiblioteca Nacional de Agricultura
041 _a(Pt)
072 _aL70; L73
100 1 _aBambo, O.
100 1 _aCardoso, J.M. da M.
100 1 _aDimande, A.
100 1 _aMapatse, M.
100 1 _aSantos, I.F.C. dos
245 1 _aAuto-hemoterapia no tratamento da papilomatose oral canina - Relato de caso
650 _aCÃO
650 _aVETERINÁRIA
650 _aPAPILOMATOSE
650 _aVÍRUS
650 _aTRATAMENTO
650 _aSANGUE
773 0 _tMedvep Dermato (Brazil)
_xISSN 2237-2768
_g(Jan-Mar 2012), v.2(2) p. 50-56
_wBR2012006345
909 _a202311
_bLúcia
_c55
_dLúcia Elande
942 _2AGRIS
_n0
_cANA
999 _c221693
_d221693